000 00747nam a22002057a 4500
003 OSt
005 20251023064856.0
008 251001b |||||||| |||| 00| 0 eng d
020 _a978-0-470-13531-0.
040 _aDWCL-Main lib
_cOC
082 _aCirc. 657.45 R175w 2008
100 _aRamos, Michael J.
245 _aWiley practitioner's guide to GAAS 2008 covering all SASs, SSAEs, SSARSs and interpretations
260 _aN. J. :
_b John Wiley & Sons, Inc.,
_cc2008.
300 _a774 pages ;
_c24 cm.
504 _aIncludes index.
650 _21. Auditing -- Standards -- United States -- Handbooks, manuals, etc.
650 _22. Accounting -- Standards -- United States -- Handbooks, manuals, etc.
942 _2ddc
_cBK-CIRC
_kCirc.
_n0
999 _c4591
_d4591